| 000 | 00345nam a22001577a 4500 | ||
|---|---|---|---|
| 003 | SGT | ||
| 020 | _a978-81-239-2416-8 | ||
| 082 |
_a617 _bM17S |
||
| 100 | _aSHENOY,RAJGOPAL.K. | ||
| 245 | _aMANIPAL MANUAL OF SURGERY | ||
| 250 | _a4TH | ||
| 260 |
_aNEW DELHI _bC.B.S PUB _c2017 |
||
| 300 | _a1193 | ||
| 650 | _aAYURVEDA | ||
| 942 |
_2ddc _cBK _021 |
||
| 999 |
_c15103 _d15103 |
||